[Event "DSOL 2021"]
[Site "Germany"]
[Date "2021.02.03"]
[Round "2.3"]
[White "Charmeteau, Sven"]
[Black "Sabirov, Ramil"]
[Result "1-0"]
[WhiteElo "2346"]
[BlackElo "2125"]
[Annotator "TA"]
[PlyCount "85"]
[EventDate "2021.01.18"]
[EventType "team-tourn"]
[EventCountry "GER"]
[SourceTitle "playchess.com"]
[Source "ChessBase"]
[SourceQuality "1"]

1. e4 c5 2. Nf3 e6 3. d4 cxd4 4. Nxd4 Nc6 5. Nc3 Qc7 6. Be3 a6 7. Qd2 Nf6 8. O-O-O Bb4 9. f3 d5 10. a3 Bxc3 11. Qxc3 dxe4 12. fxe4 Nxe4 13. Qd3 Nc5 14. Qc4 Ne5 15. Qc3 b6 16. b4 Ncd3+ 17. Kd2 Nc4+ 18. Kxd3 b5 19. Ke2 e5 20. Nf3 e4 21. Qxg7 exf3+ 22. gxf3 Qe5 23. Qxe5+ Nxe5 24. Bd4 f6 25. Bxe5 fxe5 26. Rd5 Bb7 27. Rxe5+ Kf7 28. Kf2 Kf6 29. Re3 Rac8 30. Bd3 Rc3 31. Ra1 Bc6 32. Ke2 Rc8 33. Kd2 Bd7 34. Bxh7 Rxe3 35. Kxe3 Bf5 36. Bxf5 Kxf5 37. Kd3 Rd8+ 38. Kc3 Kf4 39. a4 Kxf3 40. Rf1+ Ke4 41. Rf6 Rc8+ 42. Kb2 Rc4 43. Kb3 1-0

[Event "DSOL 2021"]
[Site "Germany"]
[Date "2021.02.02"]
[Round "2.3"]
[White "Ramirez Marin, Ivan"]
[Black "Sonnenschein, Philipp"]
[Result "1-0"]
[WhiteElo "2227"]
[BlackElo "2149"]
[Annotator "TA"]
[PlyCount "105"]
[EventDate "2021.01.18"]
[EventType "team-tourn"]
[EventCountry "GER"]
[SourceTitle "playchess.com"]
[Source "ChessBase"]
[SourceQuality "1"]

1. c4 e5 2. Nc3 Nf6 3. Nf3 Nc6 4. e3 Bb4 5. Qc2 Bxc3 6. bxc3 O-O 7. e4 d6 8. g3 b6 9. Bg2 Bb7 10. O-O Qd7 11. d3 a6 12. Rb1 Nd8 13. Nh4 b5 14. Bg5 Ne8 15. Nf5 Kh8 16. Qe2 f6 17. Be3 bxc4 18. dxc4 Bc6 19. c5 Nb7 20. Rfd1 g6 21. Nh4 Qe7 22. cxd6 Nexd6 23. Bh6 Rfd8 24. Qg4 Nc5 25. Qxg6 Bxe4 26. Bxe4 Ncxe4 27. Qh5 Qf7 28. Qf3 Qxa2 29. Rb4 Qe6 30. Rxe4 Nxe4 31. Rxd8+ Rxd8 32. Qxe4 Rd1+ 33. Kg2 Qd5 34. Qxd5 Rxd5 35. Nf5 Rd3 36. Bg7+ Kg8 37. c4 Kf7 38. Bh6 Kg6 39. g4 Rc3 40. Bf8 Rxc4 41. Nh6 f5 42. gxf5+ Kf6 43. Kg3 a5 44. Ng4+ Rxg4+ 45. Kxg4 h5+ 46. Kxh5 Kxf5 47. Bc5 a4 48. h3 e4 49. h4 Kf4 50. Kg6 Kf3 51. h5 a3 52. Bxa3 Kxf2 53. h6 1-0

[Event "DSOL 2021"]
[Site "Germany"]
[Date "2021.02.01"]
[Round "2.3"]
[White "Aulich, Marcell"]
[Black "Ohler, Julius"]
[Result "0-1"]
[WhiteElo "2207"]
[BlackElo "2010"]
[Annotator "TA"]
[PlyCount "148"]
[EventDate "2021.01.18"]
[EventType "team-tourn"]
[EventCountry "GER"]
[SourceTitle "playchess.com"]
[Source "ChessBase"]
[SourceQuality "1"]

1. e4 c6 2. d4 d5 3. Nd2 dxe4 4. Nxe4 Nf6 5. Ng3 g6 6. Bc4 Bg7 7. N1e2 O-O 8. O-O Nbd7 9. Bb3 e5 10. dxe5 Nxe5 11. Bf4 Nd5 12. Bd2 Nb6 13. Bb4 Qxd1 14. Raxd1 Re8 15. Rfe1 a5 16. Bc5 Nbd7 17. Ne4 a4 18. Nd6 Rf8 19. Ba3 axb3 20. axb3 Rd8 21. f4 Ng4 22. Nxc8 Raxc8 23. Be7 Bf8 24. Bxd8 Rxd8 25. Nd4 Nb6 26. h3 Nf6 27. Kh2 Nbd5 28. g3 Ra8 29. Ra1 Rd8 30. Nf3 Bc5 31. Re5 Bd6 32. Re2 Kf8 33. Ra7 Rd7 34. c3 Ne7 35. Ne5 Bxe5 36. fxe5 Ne8 37. Rf2 Kg7 38. Re2 Nf5 39. Rf2 Re7 40. Re2 Ned6 41. c4 Nd4 42. Re3 N6f5 43. Rd3 c5 44. g4 Nh4 45. Kg3 g5 46. Re3 Ng6 47. Ra5 b6 48. Ra6 Re6 49. Ra8 Nxe5 50. Kg2 Ndc6 51. Rc8 Rd6 52. Rc7 Rd2+ 53. Kg1 Rxb2 54. Rb7 Nd4 55. Kf1 Ndf3 56. Rb8 Rb1+ 57. Kg2 Rb2+ 58. Kf1 Nd2+ 59. Ke1 Nef3+ 60. Kd1 Rxb3 61. Ke2 Rb2 62. Rxf3 Nxf3+ 63. Kxf3 Rb4 64. Rb7 Kf6 65. Rb8 Ke5 66. Re8+ Kd4 67. Re7 Rxc4 68. Rxf7 Rc3+ 69. Kg2 b5 70. Rxh7 b4 71. Kf2 b3 72. h4 gxh4 73. g5 b2 74. Rd7+ Kc4 0-1

[Event "DSOL 2021"]
[Site "Germany"]
[Date "2021.02.03"]
[Round "2.3"]
[White "Lorenz, Roger"]
[Black "Meyling, Lennart"]
[Result "1-0"]
[WhiteElo "2187"]
[BlackElo "2044"]
[Annotator "TA"]
[PlyCount "91"]
[EventDate "2021.01.18"]
[EventType "team-tourn"]
[EventCountry "GER"]
[SourceTitle "playchess.com"]
[Source "ChessBase"]
[SourceQuality "1"]

1. d4 d5 2. c4 e6 3. Nc3 Nf6 4. cxd5 exd5 5. Bg5 Be7 6. e3 c6 7. Bd3 h6 8. Bh4 Ne4 9. Bxe7 Qxe7 10. Qc2 Bf5 11. Nf3 Na6 12. Bxa6 bxa6 13. Nxe4 O-O 14. Nfd2 dxe4 15. O-O Rad8 16. f3 Qg5 17. f4 Qh5 18. Rf2 Rd6 19. Qc5 Qg6 20. Rc1 Qe6 21. Nc4 Rd7 22. Ne5 Rb7 23. Nxc6 Rc7 24. d5 Qf6 25. d6 Rcc8 26. Rc3 Kh8 27. Qe5 Qe6 28. Rd2 Qd7 29. Rdc2 Be6 30. Qd4 Qb7 31. b3 Bd7 32. Ne5 Rcd8 33. Rc7 Qb5 34. Qc5 Kg8 35. Nxd7 Qd3 36. Qd4 Rfe8 37. Qxd3 exd3 38. Rd2 Rxe3 39. Kf2 Re4 40. Rxd3 Rxf4+ 41. Kg1 Re8 42. Rd1 Re2 43. Nf6+ gxf6 44. d7 Rff2 45. d8=Q+ Kg7 46. Qd5 1-0

[Event "DSOL 2021"]
[Site "Germany"]
[Date "2021.02.01"]
[Round "2.3"]
[White "Dunsbach, Ralf"]
[Black "Schimnatkowski, Lukas"]
[Result "0-1"]
[WhiteElo "2142"]
[BlackElo "2173"]
[Annotator "TA"]
[PlyCount "68"]
[EventDate "2021.01.18"]
[EventType "team-tourn"]
[EventCountry "GER"]
[SourceTitle "playchess.com"]
[Source "ChessBase"]
[SourceQuality "1"]

1. c4 c5 2. g3 Nf6 3. Bg2 d5 4. cxd5 Nxd5 5. Nc3 Nc7 6. Nf3 Nc6 7. O-O e5 8. a3 Rb8 9. Rb1 f6 10. d3 Be7 11. Be3 Be6 12. Ne4 b6 13. b4 cxb4 14. axb4 Nd5 15. Bd2 O-O 16. b5 Nd4 17. e3 Nxf3+ 18. Bxf3 Rc8 19. g4 Qd7 20. Rb2 Rfd8 21. Qe2 Nc7 22. d4 exd4 23. exd4 Qxd4 24. Bf4 Bc4 25. Qc2 Bxf1 26. Bxc7 Bd3 27. Qc6 Qxb2 28. Qe6+ Kf8 29. Nd6 Qc1+ 30. Kg2 Bf1+ 31. Kg3 Bxd6+ 32. Bxd6+ Rxd6 33. Qxd6+ Kg8 34. Bc6 Qc3+ 0-1

[Event "DSOL 2021"]
[Site "Germany"]
[Date "2021.02.02"]
[Round "2.3"]
[White "Cuadrado, Guillermo"]
[Black "Schoeneberg, Manfred"]
[Result "1-0"]
[WhiteElo "2114"]
[BlackElo "2133"]
[Annotator "TA"]
[PlyCount "59"]
[EventDate "2021.01.18"]
[EventType "team-tourn"]
[EventCountry "GER"]
[SourceTitle "playchess.com"]
[Source "ChessBase"]
[SourceQuality "1"]

1. d4 Nf6 2. Bg5 Ne4 3. Bf4 d5 4. e3 e6 5. Bd3 Bd6 6. Ne2 Nc6 7. c4 Bb4+ 8. Nbc3 Nxc3 9. bxc3 Be7 10. cxd5 exd5 11. Rb1 O-O 12. O-O b6 13. e4 Bb7 14. e5 Na5 15. Ng3 Bc8 16. Qf3 c6 17. Nh5 g6 18. Bh6 gxh5 19. Qxh5 f5 20. exf6 Rxf6 21. Rbe1 Be6 22. Rxe6 Rxe6 23. Qg4+ Kf7 24. Qg7+ Ke8 25. Bf5 Rxh6 26. Re1 Rg6 27. Qh8+ Kf7 28. Qxh7+ Rg7 29. Be6+ Ke8 30. Qh5+ 1-0

[Event "DSOL 2021"]
[Site "Germany"]
[Date "2021.02.01"]
[Round "2.3"]
[White "Vandre, Wolfgang"]
[Black "Meffert, Matthias"]
[Result "1-0"]
[WhiteElo "2112"]
[BlackElo "2076"]
[Annotator "TA"]
[PlyCount "165"]
[EventDate "2021.01.18"]
[EventType "team-tourn"]
[EventCountry "GER"]
[SourceTitle "playchess.com"]
[Source "ChessBase"]
[SourceQuality "1"]

1. d4 Nf6 2. c4 g6 3. Nc3 Bg7 4. e4 d6 5. Nf3 O-O 6. Be2 e5 7. O-O Nc6 8. d5 Ne7 9. a4 a5 10. Ne1 Nd7 11. Nd3 f5 12. f3 Nf6 13. c5 f4 14. b3 g5 15. Ba3 Ne8 16. Nb5 Rf7 17. Rc1 Ng6 18. Nb2 Bf8 19. Qe1 Rg7 20. Nc4 dxc5 21. Nxa5 c6 22. Nxc6 bxc6 23. dxc6 Be6 24. Bc4 Bxc4 25. Rxc4 Qb6 26. Qc3 Qxc6 27. Bxc5 Bxc5+ 28. Rxc5 Qb6 29. Rc1 Rd7 30. Kf1 Rad8 31. Qc4+ Kh8 32. Rd5 Nf6 33. Rxd7 Rxd7 34. Qc6 Qxc6 35. Rxc6 Kg7 36. a5 Rb7 37. Rc7+ Rxc7 38. Nxc7 Ne7 39. a6 Nc8 40. Nb5 Nd7 41. Ke2 Kf6 42. Kd2 Ke7 43. Kc3 Ndb6 44. Kb4 Kd7 45. Kc5 Na8 46. Kd5 Nab6+ 47. Kxe5 Ke7 48. Kf5 h6 49. Kg6 Ke6 50. Kxh6 Kf6 51. Nc7 Na7 52. Ne8+ Ke7 53. Ng7 Kf7 54. Nh5 Nd7 55. Kxg5 Nc5 56. Nxf4 Nxb3 57. e5 Nc5 58. e6+ Ke7 59. Kf5 Nc6 60. Ng6+ Ke8 61. Kf6 Nxa6 62. Ne5 Ne7 63. Nf7 Nc7 64. h4 Kf8 65. h5 Ne8+ 66. Ke5 Kg7 67. g4 Nc6+ 68. Kd5 Ne7+ 69. Ke4 Kf6 70. Nd8 Nd6+ 71. Kd4 Ne8 72. f4 Nc7 73. f5 Nxf5+ 74. gxf5 Kxf5 75. e7 Kf6 76. Nc6 Kg5 77. Ke5 Kxh5 78. Kd6 Ne8+ 79. Kd7 Nf6+ 80. Ke6 Kg6 81. Ne5+ Kg7 82. Ng4 Ne8 83. Kd7 1-0

[Event "DSOL 2021"]
[Site "Germany"]
[Date "2021.02.05"]
[Round "2.3"]
[White "Schubert, Ralf"]
[Black "Schmitzer, Klaus"]
[Result "0-1"]
[WhiteElo "2107"]
[BlackElo "2261"]
[Annotator "TA"]
[PlyCount "100"]
[EventDate "2021.01.18"]
[EventType "team-tourn"]
[EventCountry "GER"]
[SourceTitle "playchess.com"]
[Source "ChessBase"]
[SourceQuality "1"]
[WhiteTeam "SK Dessau I"]
[BlackTeam "SK Münster"]

1. d4 e6 2. Nc3 Bb4 3. a3 Bxc3+ 4. bxc3 f5 5. e4 fxe4 6. Qg4 Qe7 7. Qxe4 Nf6 8. Qh4 b6 9. Nf3 Bb7 10. Ne5 Be4 11. Bg5 Bxc2 12. Rc1 Bf5 13. g4 Be4 14. f3 Bb7 15. Ng6 hxg6 16. Qxh8+ Kf7 17. Bg2 Nc6 18. Qh4 Qxa3 19. O-O Rg8 20. f4 Na5 21. f5 gxf5 22. gxf5 exf5 23. Rxf5 Bxg2 24. Kxg2 Nc4 25. Rcf1 Ke8 26. Qg3 Qd6 27. Re1+ Kf7 28. Bf4 Qc6+ 29. d5 Qa4 30. Bxc7 Rc8 31. Be5 Qc2+ 32. Rf2 Qg6 33. Qxg6+ Kxg6 34. Bxf6 gxf6 35. Re7 Ne5 36. Ra2 Rxc3 37. Rxa7 Rc5 38. Rb7 b5 39. d6 Rd5 40. Kg3 Kf5 41. h4 Rd3+ 42. Kf2 Rxd6 43. Rxb5 Rd4 44. Ke3 Rd3+ 45. Ke2 Rd4 46. Ke3 Re4+ 47. Kf2 Kg4 48. h5 Nd3+ 49. Kg2 Nf4+ 50. Kf1 Rxe7 0-1

[Event "DSOL 2021"]
[Site "Germany"]
[Date "2021.02.01"]
[Round "2.3"]
[White "Prange, Dieter"]
[Black "De Albuquerque Mello Pereira, Felipe"]
[Result "0-1"]
[WhiteElo "2081"]
[BlackElo "1882"]
[Annotator "TA"]
[PlyCount "64"]
[EventDate "2021.01.18"]
[EventType "team-tourn"]
[EventCountry "GER"]
[SourceTitle "playchess.com"]
[Source "ChessBase"]
[SourceQuality "1"]

1. e4 c6 2. d4 d5 3. Nc3 dxe4 4. Nxe4 Bf5 5. Ng3 Bg6 6. Nf3 Nd7 7. Bc4 e6 8. O-O Ngf6 9. Re1 Bd6 10. Ne5 Qc7 11. Qe2 Bxe5 12. dxe5 Nd5 13. a4 O-O 14. h4 h6 15. h5 Bh7 16. Bb3 Nc5 17. Bc4 Nb4 18. Bxh6 gxh6 19. Qd2 Nxc2 20. Qxh6 Qe7 21. Rac1 Nxe1 22. Rxe1 Rad8 23. Re3 Rd1+ 24. Nf1 Kh8 25. b4 Rd4 26. Rg3 Rg8 27. Rxg8+ Kxg8 28. Ne3 Ne4 29. Ng4 Rxc4 30. Nf6+ Nxf6 31. Qg5+ Kh8 32. h6 Bg6 0-1

[Event "DSOL 2021"]
[Site "Germany"]
[Date "2021.02.05"]
[Round "2.3"]
[White "Sauer, Marko"]
[Black "Ottway, Christopher"]
[Result "1/2-1/2"]
[WhiteElo "2065"]
[BlackElo "1979"]
[Annotator "TA"]
[PlyCount "134"]
[EventDate "2021.01.18"]
[EventType "team-tourn"]
[EventCountry "GER"]
[SourceTitle "playchess.com"]
[Source "ChessBase"]
[SourceQuality "1"]
[WhiteTeam "SG Arnstadt-Stadtilm"]
[BlackTeam "Biebertaler SF"]

1. e4 g6 2. d4 Bg7 3. Nf3 d6 4. Bc4 e6 5. Nc3 Ne7 6. Be3 h6 7. Qe2 O-O 8. O-O b6 9. Rfe1 Bb7 10. Qd2 Kh7 11. Rad1 Nd7 12. d5 e5 13. h3 f5 14. exf5 Nxf5 15. Ne4 Qe7 16. Qe2 a6 17. Bc1 b5 18. Bb3 Nf6 19. c4 Nxe4 20. Qxe4 Qf7 21. Re2 Rae8 22. cxb5 axb5 23. Qb4 Nd4 24. Nxd4 exd4 25. Qxb5 Rxe2 26. Qxe2 Bxd5 27. Bxd5 Qxd5 28. b3 c5 29. Qe7 Rf7 30. Qe2 Ra7 31. Bf4 Rf7 32. Bg3 Bf6 33. Qa6 Be5 34. Qd3 Ra7 35. Rd2 Bxg3 36. Qxg3 Qe6 37. Qd3 Re7 38. a4 Rb7 39. Rb2 Qd5 40. a5 Qc6 41. a6 Ra7 42. Ra2 Qe8 43. Re2 Qc6 44. Re6 Rg7 45. h4 Qd5 46. a7 h5 47. Rxd6 Qb7 48. Ra6 Qa8 49. Qb5 Rxa7 50. Rb6 Qd5 51. Qe8 Qf5 52. Qe2 d3 53. Qb2 Rd7 54. Rb8 Rg7 55. Qc3 Qd5 56. Qd2 Rg8 57. Rb6 Re8 58. Ra6 Re7 59. Ra3 Qe4 60. Ra1 Rd7 61. g3 Qd5 62. Rb1 Rb7 63. Qc3 Rd7 64. Rd1 Qf3 65. Rd2 Qe4 66. Kh2 Qd5 67. Kg1 Qe6 1/2-1/2

[Event "DSOL 2021"]
[Site "Germany"]
[Date "2021.02.04"]
[Round "2.3"]
[White "Aldag, Thomas"]
[Black "Adamowicz, Katarzyna"]
[Result "0-1"]
[WhiteElo "2058"]
[BlackElo "2082"]
[Annotator "TA"]
[PlyCount "72"]
[EventDate "2021.01.18"]
[EventType "team-tourn"]
[EventCountry "GER"]
[SourceTitle "playchess.com"]
[Source "ChessBase"]
[SourceQuality "1"]

1. e4 d6 2. d4 Nf6 3. Bd3 e5 4. c3 c6 5. h3 Be7 6. Nf3 Nbd7 7. Be3 Qc7 8. Nbd2 h6 9. Qc2 Nf8 10. dxe5 dxe5 11. O-O-O Be6 12. Bc4 b5 13. Bxe6 Nxe6 14. g3 a5 15. Nh4 g6 16. Ng2 a4 17. Rhe1 a3 18. b3 Bc5 19. Bxc5 Nxc5 20. f4 O-O 21. fxe5 Qxe5 22. Nf4 Rfd8 23. Nf3 Rxd1+ 24. Kxd1 Qe7 25. e5 Rd8+ 26. Kc1 Nd5 27. h4 Nxf4 28. gxf4 Nd3+ 29. Kb1 Nxe1 30. Nxe1 Qxh4 31. Nd3 Qh1+ 32. Nc1 Qe1 33. Qe2 Qxc3 34. e6 Rd2 35. exf7+ Kxf7 36. Qe5 Rb2+ 0-1

[Event "DSOL 2021"]
[Site "Germany"]
[Date "2021.02.04"]
[Round "2.3"]
[White "Heerde, Thomas"]
[Black "Keymling, Detlev Juergen"]
[Result "1-0"]
[WhiteElo "2055"]
[BlackElo "1652"]
[Annotator "TA"]
[PlyCount "147"]
[EventDate "2021.01.18"]
[EventType "team-tourn"]
[EventCountry "GER"]
[SourceTitle "playchess.com"]
[Source "ChessBase"]
[SourceQuality "1"]

1. Nf3 d5 2. g3 c6 3. Bg2 Nf6 4. O-O Bf5 5. d3 Qd7 6. Re1 Bh3 7. Bh1 h6 8. Nbd2 e6 9. e4 dxe4 10. dxe4 Bc5 11. c3 Ng4 12. Re2 Qd3 13. Qe1 e5 14. Nb3 Bb6 15. Rd2 Qb5 16. Rc2 Qc4 17. Re2 O-O 18. Nbd2 Qd3 19. a4 a5 20. Ra3 Bc5 21. b4 Bxf2+ 22. Rxf2 Nxf2 23. Qxf2 Qc2 24. Qe1 axb4 25. cxb4 Rxa4 26. Rxa4 Qxa4 27. Nc4 f6 28. Ne3 Rd8 29. Bd2 Na6 30. g4 Qa2 31. Kf2 Nxb4 32. Kg3 Nd3 33. Qe2 Nf4 34. Qc4+ Qxc4 35. Nxc4 b5 36. Na5 Bf1 37. Nxc6 Rd6 38. Ne7+ Kf7 39. Nf5 Rb6 40. Ne3 Bd3 41. Bb4 Ra6 42. Nd5 Ne2+ 43. Kf2 Ra2 44. Nd2 Nd4 45. Ke3 Bf1 46. Nxf1 Ra1 47. Bg2 Rb1 48. Kd3 Nc6 49. Kc3 Kg6 50. Nfe3 Kg5 51. h3 Kh4 52. Bf1 Nd4 53. Bd3 Rb3+ 54. Kd2 Kxh3 55. Bc3 Nf3+ 56. Ke2 Ng5 57. Kd2 Kg3 58. Kc2 Ra3 59. Bb4 Ra2+ 60. Kb3 Rd2 61. Bxd2 Nf3 62. Bb4 Nd4+ 63. Kc3 h5 64. gxh5 Kh4 65. Bf8 Ne6 66. Nf5+ Kxh5 67. Bxg7 Kg4 68. Bxf6 Kf3 69. Bxe5 Nc5 70. Nd4+ Kf2 71. Nxb5 Ne6 72. Nbc7 Nc5 73. Bd4+ Kg2 74. Bxc5 1-0

[Event "DSOL 2021"]
[Site "Germany"]
[Date "2021.02.05"]
[Round "2.3"]
[White "Haufe, Laurin"]
[Black "Klein, Christoph"]
[Result "1-0"]
[WhiteElo "2052"]
[BlackElo "2112"]
[Annotator "TA"]
[PlyCount "61"]
[EventDate "2021.01.18"]
[EventType "team-tourn"]
[EventCountry "GER"]
[SourceTitle "playchess.com"]
[Source "ChessBase"]
[SourceQuality "1"]
[WhiteTeam "SG Leipzig"]
[BlackTeam "SF Heidesheim I"]

1. e4 c6 2. Nc3 d5 3. Nf3 Bg4 4. h3 Bh5 5. d4 e6 6. Bd3 Nf6 7. e5 Nfd7 8. g4 Bg6 9. Bxg6 hxg6 10. Ne2 c5 11. c3 Nc6 12. Kf1 cxd4 13. cxd4 Qb6 14. Kg2 Be7 15. Rb1 Rc8 16. Bd2 Qa6 17. a3 Nb6 18. b3 Nd7 19. Nf4 b5 20. Ra1 Qb7 21. Qb1 Nf8 22. Rc1 Nb8 23. Rxc8+ Qxc8 24. Qd3 Qb7 25. a4 a6 26. Rc1 b4 27. Qc2 Kd8 28. Nd3 Nfd7 29. Bxb4 Re8 30. Ba5+ Nb6 31. Bxb6+ 1-0

[Event "DSOL 2021"]
[Site "Germany"]
[Date "2021.02.04"]
[Round "2.3"]
[White "Kramer, Kurt Melik"]
[Black "Einwiller, Bernd"]
[Result "1-0"]
[WhiteElo "2049"]
[BlackElo "2160"]
[Annotator "TA"]
[PlyCount "61"]
[EventDate "2021.01.18"]
[EventType "team-tourn"]
[EventCountry "GER"]
[SourceTitle "playchess.com"]
[Source "ChessBase"]
[SourceQuality "1"]

1. d4 Nf6 2. Bf4 g6 3. Nc3 Bg7 4. e4 d6 5. Qd2 Nbd7 6. O-O-O O-O 7. Bh6 e5 8. d5 Ng4 9. Bxg7 Kxg7 10. f3 Ngf6 11. g4 h6 12. h4 Rh8 13. Nge2 a6 14. Ng3 b5 15. Kb1 Nc5 16. Bd3 Bd7 17. g5 Ng8 18. Rdf1 Nxd3 19. cxd3 b4 20. Nce2 Bb5 21. f4 exf4 22. Nxf4 hxg5 23. hxg5 Rxh1 24. Rxh1 a5 25. Qe3 Qe7 26. Nge2 Re8 27. Nd4 Bd7 28. Nf3 Bg4 29. Qd4+ Kf8 30. Rf1 f6 31. Nxg6+ 1-0

[Event "DSOL 2021"]
[Site "Germany"]
[Date "2021.02.04"]
[Round "2.3"]
[White "Gremmel, Jonas Simon"]
[Black "Abraham, Ingo"]
[Result "1-0"]
[WhiteElo "2021"]
[BlackElo "2225"]
[Annotator "TA"]
[PlyCount "89"]
[EventDate "2021.01.18"]
[EventType "team-tourn"]
[EventCountry "GER"]
[SourceTitle "playchess.com"]
[Source "ChessBase"]
[SourceQuality "1"]

1. d4 Nf6 2. Nf3 g6 3. b3 Bg7 4. Bb2 O-O 5. Nbd2 d6 6. e3 Nbd7 7. h3 Re8 8. Be2 c6 9. O-O Qc7 10. a4 b6 11. Rc1 Bb7 12. Re1 Rad8 13. c4 e5 14. Qc2 a5 15. Bf1 h6 16. Bd3 Re6 17. e4 c5 18. d5 Re7 19. g3 Rf8 20. Nb1 Bc8 21. Kg2 Nb8 22. Na3 Nh5 23. Rh1 Na6 24. Nb5 Qd7 25. Qe2 Nb4 26. Bb1 f5 27. exf5 e4 28. Nh4 Bxb2 29. Qxb2 gxf5 30. Ng6 Rg7 31. Nxf8 Kxf8 32. Qd2 f4 33. g4 Rg8 34. Kh2 Rxg4 35. hxg4 Qxg4 36. Bxe4 Ng3 37. Bg2 Qh4+ 38. Kg1 Nxh1 39. Bxh1 Bh3 40. f3 Qg3+ 41. Bg2 Nd3 42. Rf1 Ne5 43. Qf2 Qg5 44. Nxd6 Ng6 45. Ne4 1-0

[Event "DSOL 2021"]
[Site "Germany"]
[Date "2021.02.02"]
[Round "2.3"]
[White "Diehl, Achim"]
[Black "Pfaffenrot, Alexander"]
[Result "1-0"]
[WhiteElo "2014"]
[BlackElo "1620"]
[Annotator "TA"]
[PlyCount "49"]
[EventDate "2021.01.18"]
[EventType "team-tourn"]
[EventCountry "GER"]
[SourceTitle "playchess.com"]
[Source "ChessBase"]
[SourceQuality "1"]

1. e4 e5 2. Nf3 Nc6 3. Bb5 a6 4. Ba4 b5 5. Bb3 Bc5 6. c3 Nf6 7. O-O O-O 8. d4 exd4 9. cxd4 Bb6 10. e5 Ne8 11. Bg5 Ne7 12. Qd3 d6 13. Qe4 d5 14. Bxe7 Qxe7 15. Bxd5 Rb8 16. Nc3 g6 17. Qf4 Be6 18. Qh6 f6 19. exf6 Nxf6 20. Rae1 Nxd5 21. Nxd5 Qd7 22. Nf4 Bf5 23. Qh4 Bxd4 24. Re7 Qxe7 25. Qxe7 1-0

[Event "DSOL 2021"]
[Site "Germany"]
[Date "2021.02.01"]
[Round "2.3"]
[White "Krueger, Simon"]
[Black "Sickmann, Lisa"]
[Result "1-0"]
[WhiteElo "2011"]
[BlackElo "1510"]
[Annotator "RC"]
[PlyCount "105"]
[EventDate "2021.01.18"]
[EventType "team-tourn"]
[EventCountry "GER"]
[SourceTitle "playchess.com"]
[Source "ChessBase"]
[SourceQuality "1"]

1. Nf3 Nf6 2. g3 g6 3. Bg2 Bg7 4. O-O O-O 5. d4 d5 6. Nbd2 Re8 7. c4 c6 8. Qb3 Qc7 9. cxd5 cxd5 10. Ne5 Be6 11. Ndf3 Nc6 12. Bf4 Nxe5 13. Nxe5 Qb6 14. Qxb6 axb6 15. Rfc1 Rec8 16. a3 h6 17. Bd2 Ne4 18. Be3 Nd6 19. h3 Nf5 20. Nf3 Kf8 21. g4 Nxe3 22. fxe3 Bd7 23. Ne1 e6 24. Kf2 Ke7 25. Rd1 Rc4 26. Rd2 Rd8 27. Nd3 Rdc8 28. Nb4 Kd6 29. Rad1 Bf6 30. e4 Bh4+ 31. Kg1 Bg5 32. e5+ Ke7 33. Rd3 Rc1 34. Kf2 Rxd1 35. Rxd1 Rc1 36. Rxc1 Bxc1 37. Nd3 Bg5 38. e3 Bb5 39. Nf4 Bh4+ 40. Kg1 Be1 41. Bf1 Bxf1 42. Kxf1 Bd2 43. Ke2 Bc1 44. Nd3 Bxb2 45. Nxb2 Kd7 46. Kd3 Kc6 47. Kc3 Kb5 48. Kb3 g5 49. Nd1 Ka5 50. Nc3 b5 51. Na2 Ka6 52. Kb4 Kb6 53. Nc3 1-0

[Event "DSOL 2021"]
[Site "Germany"]
[Date "2021.02.05"]
[Round "2.3"]
[White "Kordts, Michael"]
[Black "Jagodzinsky, Andreas"]
[Result "1-0"]
[WhiteElo "1991"]
[BlackElo "2147"]
[Annotator "RC"]
[PlyCount "71"]
[EventDate "2021.01.18"]
[EventType "team-tourn"]
[EventCountry "GER"]
[SourceTitle "playchess.com"]
[Source "ChessBase"]
[SourceQuality "1"]
[WhiteTeam "SC Wrist-Kellinghusen"]
[BlackTeam "SV Hemer"]

1. d4 d5 2. Nf3 Nf6 3. g3 g6 4. Bg2 Bg7 5. c4 c6 6. O-O O-O 7. Nc3 dxc4 8. e4 b5 9. Qc2 Bb7 10. e5 Nd5 11. a4 a6 12. Ne4 Bc8 13. b3 cxb3 14. Qxb3 b4 15. a5 Bf5 16. Nfd2 h6 17. Bb2 Qc8 18. Rfc1 Bh3 19. Bh1 Qb7 20. Nc5 Qc8 21. Nd3 Qb7 22. Ra4 Nd7 23. Bxd5 cxd5 24. Rxb4 Qa7 25. Rb7 Qxb7 26. Qxb7 Rfb8 27. Qxd5 Be6 28. Qc6 Ra7 29. Ba3 Nf8 30. Bc5 Rab7 31. Bb6 Bd7 32. Qf3 Ne6 33. Qe3 Bb5 34. Nc5 Nxc5 35. Rxc5 Rd7 36. d5 1-0

[Event "DSOL 2021"]
[Site "Germany"]
[Date "2021.02.01"]
[Round "2.3"]
[White "Buchholz, Robert"]
[Black "Jurkatis, Hagen"]
[Result "1/2-1/2"]
[WhiteElo "1988"]
[BlackElo "1961"]
[Annotator "TA"]
[PlyCount "66"]
[EventDate "2021.01.18"]
[EventType "team-tourn"]
[EventCountry "GER"]
[SourceTitle "playchess.com"]
[Source "ChessBase"]
[SourceQuality "1"]

1. d4 e6 2. e4 d5 3. exd5 exd5 4. Bd3 Bd6 5. Qe2+ Qe7 6. c3 Qxe2+ 7. Nxe2 Ne7 8. O-O O-O 9. Bf4 Bf5 10. Bxf5 Nxf5 11. Nd2 c6 12. g4 Bxf4 13. Nxf4 Nd6 14. Rae1 Nd7 15. Re7 Nb6 16. b3 Rfe8 17. Rfe1 Kf8 18. Rxe8+ Rxe8 19. Rxe8+ Kxe8 20. f3 Ke7 21. Kf2 g5 22. Ne2 Ke6 23. f4 h6 24. Ke3 f5 25. h3 Kf6 26. Ng3 Nd7 27. Nf3 Ne4 28. Nh5+ Kg6 29. c4 Nef6 30. Nxf6 Kxf6 31. a4 dxc4 32. bxc4 Nb6 33. Ne5 Nxa4 1/2-1/2

[Event "DSOL 2021"]
[Site "Germany"]
[Date "2021.02.02"]
[Round "2.3"]
[White "Riedel, Hartmut"]
[Black "Koch, Yannick"]
[Result "1-0"]
[WhiteElo "1966"]
[BlackElo "2086"]
[Annotator "TA"]
[PlyCount "81"]
[EventDate "2021.01.18"]
[EventType "team-tourn"]
[EventCountry "GER"]
[SourceTitle "playchess.com"]
[Source "ChessBase"]
[SourceQuality "1"]

1. d4 Nf6 2. c4 e6 3. Nc3 Bb4 4. e3 b6 5. Nge2 Ne4 6. Qc2 Bb7 7. a3 Bxc3+ 8. Nxc3 Nxc3 9. Qxc3 O-O 10. b4 d6 11. Bb2 Nd7 12. Bd3 Qg5 13. O-O-O Qxg2 14. Qc2 Nf6 15. Rhg1 Qxh2 16. d5 e5 17. Rh1 Qxh1 18. Rxh1 g6 19. f4 Rfe8 20. fxe5 dxe5 21. Qh2 h5 22. Qh4 Ng4 23. Qg5 Nf2 24. Bxg6 Nxh1 25. Be4+ Kf8 26. Qh6+ Ke7 27. d6+ cxd6 28. Bxb7 Rab8 29. Bxh1 Rg8 30. Qxh5 Rg1+ 31. Kc2 Rbg8 32. Bd5 R8g7 33. Qh4+ Kd7 34. b5 f5 35. Qf6 R1g5 36. Bc6+ Kc7 37. Qf8 a6 38. bxa6 Kxc6 39. Qc8+ Rc7 40. Qe8+ Kc5 41. Qb5# 1-0

[Event "DSOL 2021"]
[Site "Germany"]
[Date "2021.02.05"]
[Round "2.3"]
[White "Riemann, Jonas"]
[Black "Zart, Ruediger"]
[Result "0-1"]
[WhiteElo "1950"]
[BlackElo "2116"]
[Annotator "TA"]
[PlyCount "88"]
[EventDate "2021.01.18"]
[EventType "team-tourn"]
[EventCountry "GER"]
[SourceTitle "playchess.com"]
[Source "ChessBase"]
[SourceQuality "1"]
[WhiteTeam "SK Bickenbach I"]
[BlackTeam "SK Johanneum Eppendorf I"]

1. e4 c6 2. d4 d5 3. e5 Bf5 4. Nc3 e6 5. g4 Bg6 6. Nge2 f6 7. Nf4 fxe5 8. dxe5 Bf7 9. Be2 c5 10. g5 Nc6 11. g6 hxg6 12. Bg4 Qe7 13. Bxe6 Bxe6 14. Nxg6 Qd7 15. Nxh8 O-O-O 16. Ng6 Nd4 17. Nf4 Bg4 18. e6 Bxe6 19. Nxe6 Qxe6+ 20. Be3 Nf6 21. Qd3 Nf3+ 22. Kd1 Ne5 23. Qe2 d4 24. Kc1 dxc3 25. bxc3 Qc4 26. Qxc4 Nxc4 27. Rg1 Rd7 28. a4 Bd6 29. a5 Bxh2 30. Rg2 Be5 31. Ra4 Nxe3 32. fxe3 Nd5 33. Rc4 b6 34. axb6 axb6 35. Re4 Bxc3 36. Re8+ Kc7 37. e4 Ne3 38. Rg1 Rd2 39. Re7+ Kc6 40. Rf7 Rxc2+ 41. Kb1 Rb2+ 42. Kc1 Ra2 43. Rg6+ Kb5 44. Kb1 Ra1# 0-1